Strzelcy Premier League w klubach 2001/02 - Statystyki

Ogólne statystyki
  • Ten quiz został rozwiązany 10 razy
  • Średni wynik to 5 z 20
Statystyki odpowiedzi
Klub Narodowość # Nazwisko % Poprawnych
Arsenal Francja 24 Thierry Henry
100%
Manchester United Holandia 23 Ruud van Nistelrooy
80%
Liverpool Anglia 19 Michael Owen
70%
Newcastle United Anglia 23 Alan Shearer
60%
Chelsea Holandia 23 Jimmy Floyd Hasselbaink
30%
Middlesbrough Chorwacja 8 Alen Bokšić
20%
Everton Szkocja/Kanada 6 Duncan Ferguson/Tomasz Radziński
20%
West Ham United Mali 11 Frédéric Kanouté
20%
Tottenham Hotspur Urugwaj/Anglia 10 Gustavo Poyet/Teddy Sheringham
20%
Sunderland Anglia 11 Kevin Phillips
20%
Derby County Anglia/Włochy 9 Malcolm Christie/Fabrizio Ravanelli
20%
Southampton Łotwa 14 Marians Pahars
20%
Leicester City Anglia 6 Brian Deane
10%
Charlton Athletic Jamajka 11 Jason Euell
10%
Aston Villa Kolumbia/Anglia 12 Juan Pablo Ángel/Darius Vassell
10%
Ipswich Town Anglia 9 Marcus Bent
10%
Leeds United Anglia 12 Robbie Fowler
10%
Fulham Francja/Jamajka 8 Steed Malbranque/Barry Hayles/Louis Saha
10%
Blackburn Rovers Anglia 10 Matt Jansen
0%
Bolton Wanderers Anglia 13 Michael Ricketts
0%
Nie znaleziono quizów pasujących do podanych kryteriów
Rozkład punktacji
Procent ludzi z każdym wynikiem
Percentyl według liczby udzielonych odpowiedzi
Twoja historia wyników
Nie rozwiązałeś tego quizu